Statistiques concernant Longs métrages d'animation Disney Pixar (89 dessins animés)

Cliquez ici pour prendre le quiz!

Statistiques générales

  • Ce quiz a été pris 2 526 fois
    (2 072 depuis la dernière actualisation)
  • Le résultat moyen est 52 sur 92

Statistiques - réponses

Année de sortieTitreStudio% Correct
1938Blanche Neige et les Sept NainsWalt Disney Animation
92%
1950CendrillonWalt Disney Animation
88%
1996Toy StoryPixar Animation
88%
2000Toy Story 2Pixar Animation
88%
2010Toy Story 3Pixar Animation
88%
2019Toy Story 4Pixar Animation
88%
2013La Reine des NeigesWalt Disney Animation
87%
2019La Reine des Neiges 2Walt Disney Animation
87%
1991La Belle et la BêteWalt Disney Animation
86%
1959La Belle au bois dormantWalt Disney Animation
83%
1994Le Roi LionWalt Disney Animation
82%
1998MulanWalt Disney Animation
81%
2010RaiponceWalt Disney Animation
81%
1993AladdinWalt Disney Animation
77%
1990La Petite SirèneWalt Disney Animation
77%
2011Cars 2Pixar Animation
75%
2017Cars 3Pixar Animation
75%
2006Cars - Quatre rouesPixar Animation
75%
2012RebellePixar Animation
74%
2016Vaiana, la légende du bout du mondeWalt Disney Animation
74%
1995Pocahontas, une légende indienneWalt Disney Animation
73%
1955La Belle et le ClochardWalt Disney Animation
71%
1953Peter PanWalt Disney Animation
71%
2002Peter Pan 2 : retour au Pays ImaginaireDisney Television Animation
71%
2003Le Monde de NemoPixar Animation
70%
2010La Princesse et la GrenouilleWalt Disney Animation
69%
1961Les 101 DalmatiensWalt Disney Animation
69%
1946PinocchioWalt Disney Animation
69%
1947DumboWalt Disney Animation
67%
1946FantasiaWalt Disney Animation
67%
2000Fantasia 2000Walt Disney Animation
67%
1947BambiWalt Disney Animation
66%
2006Bambi 2 : le Grand Prince de la forêtDisneyToon
66%
1968Le Livre de la jungleWalt Disney Animation
65%
2003Le Livre de la jungle 2DisneyToon
65%
1970Les AristochatsWalt Disney Animation
65%
2017CocoPixar Animation
64%
2012Les Mondes de RalphWalt Disney Animation
62%
2018Ralph 2.0Walt Disney Animation
62%
2016Le Monde de DoryPixar Animation
61%
1991Bernard et Bianca au pays des kangourousWalt Disney Animation
60%
1977Les Aventures de Bernard et BiancaWalt Disney Animation
60%
1999TarzanWalt Disney Animation
60%
1997HerculeWalt Disney Animation
59%
2004Les IndestructiblesPixar Animation
59%
2018Les Indestructibles 2Pixar Animation
59%
2009Là-hautPixar Animation
58%
1981Rox et RoukyWalt Disney Animation
58%
2007RatatouillePixar Animation
57%
2015Vice-VersaPixar Animation
57%
1951Alice au Pays des MerveillesWalt Disney Animation
56%
1996Le Bossu de Notre-DameWalt Disney Animation
55%
2013Monstres AcademyPixar Animation
55%
2002Monstres & CiePixar Animation
55%
1977Les Aventures de Winnie l'OursonWalt Disney Animation
54%
2002Lilo et StitchWalt Disney Animation
54%
1974Robin des BoisWalt Disney Animation
54%
2011Winnie l'OursonWalt Disney Animation
54%
2005Winnie l'Ourson et l'EfélantDisneyToon
54%
1964Merlin l'enchanteurWalt Disney Animation
53%
2008WALL-EPixar Animation
53%
19991001 pattesPixar Animation
51%
2016ZootopieWalt Disney Animation
50%
2004Frère des oursWalt Disney Animation
49%
2001Kuzco, l'empereur mégaloWalt Disney Animation
47%
2009Volt, star malgré luiWalt Disney Animation
46%
2001Atlantide, l'empire perduWalt Disney Animation
44%
2015Clochette et la Créature LégendaireDisneyToon
42%
2014Clochette et la Fée PirateDisneyToon
42%
2012Clochette et le Secret des FéesDisneyToon
42%
2013PlanesDisneyToon
41%
2014Planes 2DisneyToon
41%
2015Les Nouveaux HérosWalt Disney Animation
40%
2002La Planète au trésor : un nouvel universWalt Disney Animation
39%
1988Oliver et compagnieWalt Disney Animation
39%
1985Taram et le Chaudron magiqueWalt Disney Animation
39%
1948Les Trois CaballerosWalt Disney Animation
33%
2015Le Voyage d'ArloPixar Animation
33%
1986Basil, détective privéWalt Disney Animation
32%
2004La Ferme se rebelleWalt Disney Animation
31%
2005Chicken LittleWalt Disney Animation
30%
2000DinosaureWalt Disney Animation
28%
2007Bienvenue chez les RobinsonWalt Disney Animation
25%
1996Dingo et MaxWalt Disney Pictures
24%
1991La Bande à Picsou : Le film - Le trésor de la lampe perdueWalt Disney Animation
22%
1949Le Crapaud et le Maître d'écoleWalt Disney Animation
22%
1950Coquin de printempsWalt Disney Animation
18%
2000Les Aventures de TigrouWalt Disney Animation
18%
1949La Boîte à musiqueWalt Disney Animation
17%
2003Les Aventures de PorcinetDisneyToon
17%
1999Doug, le filmWalt Disney Pictures
3%
2001La Cour de récré - Vive les vacances !Disney Television Animation
3%

Distribution des résultats

Percentile par nombre de réponses

% des personnes avec chaque résultat

Votre développement - résultats

Vous n’avez pas pris ce quiz depuis la dernière actualisation